<?xml version="1.0" encoding="UTF-8"?>
<collection xmlns="http://www.loc.gov/MARC21/slim">
 <record>
  <leader>01221nam a2200289 a 4500</leader>
  <controlfield tag="001">11298</controlfield>
  <controlfield tag="003">BD-DhAAL</controlfield>
  <controlfield tag="008">011003s2002    nyua     b    001 0 eng d</controlfield>
  <datafield tag="999" ind1=" " ind2=" ">
   <subfield code="c">228</subfield>
   <subfield code="d">228</subfield>
  </datafield>
  <datafield tag="010" ind1=" " ind2=" ">
   <subfield code="a">\\2001052491</subfield>
  </datafield>
  <datafield tag="020" ind1=" " ind2=" ">
   <subfield code="a">0521808790 (hardback)</subfield>
  </datafield>
  <datafield tag="020" ind1=" " ind2=" ">
   <subfield code="a">052100490X (pbk.)</subfield>
  </datafield>
  <datafield tag="040" ind1=" " ind2=" ">
   <subfield code="a">DLC</subfield>
   <subfield code="c">DLC</subfield>
   <subfield code="d">DLC</subfield>
   <subfield code="d">BD-DhAAL</subfield>
  </datafield>
  <datafield tag="082" ind1="0" ind2="0">
   <subfield code="a">420.285</subfield>
   <subfield code="2">21</subfield>
  </datafield>
  <datafield tag="100" ind1="1" ind2=" ">
   <subfield code="a">Meyer, Charles F.</subfield>
   <subfield code="9">41492</subfield>
  </datafield>
  <datafield tag="245" ind1="1" ind2="0">
   <subfield code="a">English corpus linguistics :</subfield>
   <subfield code="b">an introduction /</subfield>
   <subfield code="c">Charles F. Meyer.</subfield>
  </datafield>
  <datafield tag="260" ind1=" " ind2=" ">
   <subfield code="a">Cambridge, UK ;</subfield>
   <subfield code="a">New York :</subfield>
   <subfield code="b">Cambridge University Press,</subfield>
   <subfield code="c">2002.</subfield>
  </datafield>
  <datafield tag="300" ind1=" " ind2=" ">
   <subfield code="a">xvi, 168 pages :</subfield>
   <subfield code="b">illustrations ;</subfield>
   <subfield code="c">26 cm.</subfield>
  </datafield>
  <datafield tag="490" ind1="1" ind2=" ">
   <subfield code="a">Studies in English language</subfield>
  </datafield>
  <datafield tag="504" ind1=" " ind2=" ">
   <subfield code="a">Includes bibliographical references (pages 153-161) and index.</subfield>
  </datafield>
  <datafield tag="541" ind1="1" ind2=" ">
   <subfield code="e">11298</subfield>
  </datafield>
  <datafield tag="650" ind1=" " ind2="0">
   <subfield code="a">English language</subfield>
   <subfield code="x">Research</subfield>
   <subfield code="x">Data processing.</subfield>
   <subfield code="9">41493</subfield>
  </datafield>
  <datafield tag="650" ind1=" " ind2="0">
   <subfield code="a">English language</subfield>
   <subfield code="x">Discourse analysis</subfield>
   <subfield code="x">Data processing.</subfield>
   <subfield code="9">41494</subfield>
  </datafield>
  <datafield tag="650" ind1=" " ind2="0">
   <subfield code="a">Computational linguistics.</subfield>
   <subfield code="9">41495</subfield>
  </datafield>
  <datafield tag="852" ind1="4" ind2=" ">
   <subfield code="a">Ayesha Abed Library</subfield>
   <subfield code="j">General Stacks</subfield>
  </datafield>
  <datafield tag="942" ind1=" " ind2=" ">
   <subfield code="2">ddc</subfield>
   <subfield code="c">BK</subfield>
  </datafield>
  <datafield tag="952" ind1=" " ind2=" ">
   <subfield code="0">0</subfield>
   <subfield code="1">0</subfield>
   <subfield code="2">ddc</subfield>
   <subfield code="4">0</subfield>
   <subfield code="6">420_285000000000000_MEY_2002</subfield>
   <subfield code="7">0</subfield>
   <subfield code="8">NFIC</subfield>
   <subfield code="9">209</subfield>
   <subfield code="a">BRACUL</subfield>
   <subfield code="b">BRACUL</subfield>
   <subfield code="c">GEN</subfield>
   <subfield code="d">2009-04-29</subfield>
   <subfield code="g">0.00</subfield>
   <subfield code="l">3</subfield>
   <subfield code="m">11</subfield>
   <subfield code="o">420.285 MEY</subfield>
   <subfield code="p">3010011298</subfield>
   <subfield code="r">2020-02-05</subfield>
   <subfield code="s">2019-12-24</subfield>
   <subfield code="t">1</subfield>
   <subfield code="w">2009-04-29</subfield>
   <subfield code="y">BK</subfield>
   <subfield code="x">No price found in the accession register.</subfield>
  </datafield>
 </record>
</collection>
